| 000 | 00749nam a22001577a 4500 | ||
|---|---|---|---|
| 005 | 20241227104421.0 | ||
| 008 | 241227b |||||||| |||| 00| 0 eng d | ||
| 040 | _cPK-LaUMT | ||
| 082 |
_aAPC 297.4 _bIMA-T |
||
| 100 |
_aImam Abu Hamid Muhammad bin Muhammad al-Ghazali = امام ابو حامد محمد بن محمد الغزالی _93882 |
||
| 245 |
_aTallash i haq = تلاش حق اردو ترجمہ المنقد من الضلال / _cby Imam Abu Hamid Muhammad bin Muhammad al-Ghazali = امام ابو حامد محمد بن محمد الغزالی ; translated by Khalid Hasan Qadiri = مترجم خالد حسن قادری |
||
| 260 |
_aLahore : _bPunjab Auqaf Academy, _c1996 |
||
| 300 | _a95 p. | ||
| 546 | _aUrdu | ||
| 942 | _cBK | ||
| 999 |
_c136421 _d136421 |
||